| 000 | 00886na a2200289 4500 | ||
|---|---|---|---|
| 001 | 23573 | ||
| 003 | MIRAKIL | ||
| 005 | 20181213155321.0 | ||
| 008 | 180109b tu 000 0 | ||
| 020 | _a9759557126 | ||
| 040 |
_aMilas _btur _cTR-AnCHP |
||
| 041 | _atur | ||
| 082 |
_a306.461 _bK27s 1999 |
||
| 090 | _a306.461 K27s 1999 | ||
| 100 | _aKasapoğlu, Aytül M. | ||
| 245 |
_aSağlık sosyolojisi _bTürkiye'den araştırmalar _cM. Aytül Kasapoğlu |
||
| 246 | _aTürkiye'den araştırmalar | ||
| 260 |
_aAnkara _bSosyoloji Derneği _c1999 |
||
| 300 |
_a406 s. _btbl. _c23 sm. |
||
| 440 |
_aSosyoloji Derneği yayınları _vvı |
||
| 504 | _aKaynakça var. | ||
| 650 |
_aHekimler _xTürkiye _xToplumsal açı |
||
| 650 |
_aSağlık personeli _xToplumsal açı |
||
| 650 |
_aSosyoloji, sağlık _xTürkiye |
||
| 740 | _aTürkiye'den araştırmalar | ||
| 942 |
_2dcc _cBKS |
||
| 999 |
_c10436 _d10436 |
||